[Event "Titled Tuesday intern op 30th Nov"]
[Site "Chess.com INT"]
[Date "2021.11.30"]
[Round "5"]
[White "Itkis, Boris"]
[Black "Otchiyev, Arslan"]
[Result "0-1"]
[WhiteElo "2343"]
[BlackElo "2326"]
[PlyCount "92"]
[EventDate "2021.11.30"]
[EventType "swiss (blitz)"]
[EventRounds "11"]
[EventCountry "USA"]
[SourceTitle "CBM 205 Extra"]
[Source "ChessBase"]
[SourceDate "2022.01.31"]
[SourceVersion "1"]
[SourceVersionDate "2022.01.31"]
[SourceQuality "1"]

1. c4 e5 2. Nc3 Nf6 3. Nf3 Nc6 4. e4 Bc5 5. Nxe5 Nxe5 6. d4 Bd6 7. c5 Bxc5 8. dxe5 Ng8 9. Qg4 g6 10. Bg5 Be7 11. Bxe7 Qxe7 12. Qf4 g5 13. Qg3 h5 14. Nd5 Qc5 15. Qxg5 c6 16. Qg7 cxd5 17. Qxh8 Qb4+ 18. Kd1 Qd4+ 19. Kc1 Kf8 20. Qxh5 d6 21. Qd1 Qxf2 22. exd5 Bf5 23. Bc4 Qf4+ 24. Qd2 Qxc4+ 25. Kd1 Qg4+ 26. Qe2 Qa4+ 27. Ke1 dxe5 28. Rf1 Bg6 29. Kf2 Qd4+ 30. Qe3 Qxb2+ 31. Kg1 Rd8 32. Rad1 Ne7 33. d6 Nf5 34. Qxa7 Kg7 35. d7 Nd4 36. Qa5 Nc6 37. Qd5 Qb6+ 38. Kh1 Qc7 39. Rde1 Qxd7 40. Qxd7 Rxd7 41. g4 e4 42. h4 Ne5 43. h5 Bh7 44. g5 Nf3 45. Re3 Nxg5 46. Rg3 f6 0-1

[Event "Titled Tuesday intern op 23rd Nov"]
[Site "Chess.com INT"]
[Date "2021.11.23"]
[Round "11"]
[White "Fabris, Alberto"]
[Black "Otchiyev, Arslan"]
[Result "0-1"]
[WhiteElo "2230"]
[BlackElo "2326"]
[PlyCount "86"]
[EventDate "2021.11.23"]
[EventType "swiss (blitz)"]
[EventRounds "11"]
[EventCountry "USA"]
[SourceTitle "CBM 205 Extra"]
[Source "ChessBase"]
[SourceDate "2022.01.31"]
[SourceVersion "1"]
[SourceVersionDate "2022.01.31"]
[SourceQuality "1"]

1. e4 c5 2. Nf3 e6 3. d4 cxd4 4. Nxd4 Nc6 5. Be3 Qc7 6. Nc3 a6 7. Be2 Nf6 8. 0-0 Be7 9. Kh1 0-0 10. f4 d6 11. Bf3 Nxd4 12. Bxd4 e5 13. Be3 exf4 14. Bxf4 Be6 15. Qd2 Nd7 16. Nd5 Bxd5 17. exd5 Bf6 18. c3 Ne5 19. b3 Rac8 20. Rac1 b5 21. Be2 Rfe8 22. Bxe5 Bxe5 23. c4 Qe7 24. Bg4 Qh4 25. Bh3 bxc4 26. bxc4 Rxc4 27. Rxc4 Qxc4 28. g3 Bc3 29. Qf4 Qxd5+ 30. Bg2 Qe6 31. a4 a5 32. h4 Be5 33. Qg5 Rb8 34. Rc1 h6 35. Qe3 Rb3 36. Rc8+ Qxc8 37. Qxb3 Qc1+ 38. Kh2 Qe1 39. Qd3 g6 40. Bd5 Kg7 41. Bc4 Qf2+ 42. Kh3 Qg1 43. Kg4 h5+ 0-1

[Event "Titled Tuesday intern op 23rd Nov"]
[Site "Chess.com INT"]
[Date "2021.11.23"]
[Round "7"]
[White "Otchiyev, Arslan"]
[Black "Kostiukov, Alexandr"]
[Result "1-0"]
[WhiteElo "2326"]
[BlackElo "2271"]
[PlyCount "45"]
[EventDate "2021.11.23"]
[EventType "swiss (blitz)"]
[EventRounds "11"]
[EventCountry "USA"]
[SourceTitle "CBM 205 Extra"]
[Source "ChessBase"]
[SourceDate "2022.01.31"]
[SourceVersion "1"]
[SourceVersionDate "2022.01.31"]
[SourceQuality "1"]

1. e4 c5 2. Nf3 g6 3. d4 cxd4 4. Nxd4 Bg7 5. Nc3 Nc6 6. Be3 Nf6 7. Nxc6 bxc6 8. e5 Ng8 9. Bd4 f6 10. f4 fxe5 11. fxe5 Qa5 12. Bc4 Bxe5 13. 0-0 Nf6 14. Kh1 Bxd4 15. Qxd4 Qg5 16. Rae1 d5 17. Rxf6 dxc4 18. Rxg6 Qxg6 19. Qxh8+ Kd7 20. Rd1+ Kc7 21. Qd8+ Kb7 22. Qxe7+ Ka6 23. Rd6 1-0

[Event "Titled Tuesday intern op 23rd Nov"]
[Site "Chess.com INT"]
[Date "2021.11.23"]
[Round "4"]
[White "Otchiyev, Arslan"]
[Black "Pakleza, Zbigniew"]
[Result "0-1"]
[WhiteElo "2326"]
[BlackElo "2496"]
[PlyCount "72"]
[EventDate "2021.11.23"]
[EventType "swiss (blitz)"]
[EventRounds "11"]
[EventCountry "USA"]
[SourceTitle "CBM 205 Extra"]
[Source "ChessBase"]
[SourceDate "2022.01.31"]
[SourceVersion "1"]
[SourceVersionDate "2022.01.31"]
[SourceQuality "1"]

1. e4 d6 2. d4 Nf6 3. Nc3 c6 4. Nf3 Bg4 5. h3 Bh5 6. Bd3 e6 7. Bg5 Be7 8. Qd2 d5 9. e5 Nfd7 10. Bxe7 Qxe7 11. g4 Bg6 12. Be2 a6 13. Na4 c5 14. c3 Nc6 15. a3 c4 16. h4 h5 17. Ng5 b5 18. Nc5 Nxc5 19. dxc5 hxg4 20. Bxg4 Nxe5 21. Qd4 Nxg4 22. Qxg4 Bf5 23. Qd4 f6 24. Nf3 Be4 25. Rh3 e5 26. Qe3 Rc8 27. Nd2 Bf5 28. Rf3 Bd3 29. 0-0-0 Qxc5 30. Qe1 Rxh4 31. Nb3 Qe7 32. Qg1 Be4 33. Rg3 Rh1 34. Rxg7 Rxg1 35. Rxe7+ Kxe7 36. Rxg1 cxb3 0-1

[Event "Titled Tuesday intern op 23rd Nov"]
[Site "Chess.com INT"]
[Date "2021.11.23"]
[Round "8"]
[White "Otchiyev, Arslan"]
[Black "Terletsky, Oleg"]
[Result "1/2-1/2"]
[WhiteElo "2326"]
[BlackElo "2164"]
[PlyCount "118"]
[EventDate "2021.11.23"]
[EventType "swiss (blitz)"]
[EventRounds "11"]
[EventCountry "USA"]
[SourceTitle "CBM 205 Extra"]
[Source "ChessBase"]
[SourceDate "2022.01.31"]
[SourceVersion "1"]
[SourceVersionDate "2022.01.31"]
[SourceQuality "1"]

1. e4 e5 2. Nf3 Nc6 3. d4 exd4 4. Nxd4 Nf6 5. Nxc6 bxc6 6. e5 Qe7 7. Qe2 Nd5 8. c4 Ba6 9. b3 0-0-0 10. g3 f6 11. Ba3 Nb4 12. Bg2 Qxe5 13. Qxe5 fxe5 14. 0-0 Nc2 15. Bb2 Nxa1 16. Bxa1 Re8 17. Re1 Bb4 18. Re2 Bb7 19. a3 Bc5 20. Nc3 Bd4 21. Bb2 Rhf8 22. b4 d6 23. Ne4 Bxb2 24. Rxb2 Ba6 25. Rc2 Bxc4 26. Rxc4 d5 27. Rxc6 dxe4 28. Bxe4 Rf6 29. Rc5 g6 30. Ra5 Kb8 31. Rc5 a6 32. a4 Rb6 33. b5 axb5 34. axb5 Rd6 35. Bc6 Ree6 36. Rc4 Ka7 37. Kg2 Kb6 38. Rh4 h5 39. h3 Rxc6 40. bxc6 Kxc6 41. g4 hxg4 42. Rxg4 Kd5 43. Kf3 c5 44. Ke3 c4 45. h4 Rc6 46. Kd2 Rf6 47. Ke3 c3 48. Kd3 Rc6 49. Kc2 e4 50. Rf4 Ke5 51. Rf8 Rc7 52. f4+ exf3 53. Rxf3 Ke4 54. Rf6 Rh7 55. Rxg6 Rxh4 56. Kxc3 Kf5 57. Rd6 Re4 58. Rd5+ Re5 59. Rxe5+ Kxe5 1/2-1/2

[Event "Titled Tuesday intern op 16th Nov"]
[Site "Chess.com INT"]
[Date "2021.11.16"]
[Round "3"]
[White "Kovacs, Klara"]
[Black "Otchiyev, Arslan"]
[Result "1-0"]
[WhiteElo "2197"]
[BlackElo "2326"]
[PlyCount "101"]
[EventDate "2021.11.16"]
[EventType "swiss (blitz)"]
[EventRounds "11"]
[EventCountry "USA"]
[SourceTitle "CBM 205 Extra"]
[Source "ChessBase"]
[SourceDate "2022.01.31"]
[SourceVersion "1"]
[SourceVersionDate "2022.01.31"]
[SourceQuality "1"]

1. Nf3 Nf6 2. g3 b6 3. Bg2 Bb7 4. 0-0 e6 5. c4 c5 6. Nc3 Be7 7. d4 cxd4 8. Qxd4 Nc6 9. Qd1 a6 10. b3 d6 11. Bb2 0-0 12. Rc1 Rc8 13. Qd2 Qd7 14. Rfd1 Rfd8 15. e4 Ng4 16. h3 Nge5 17. Nxe5 Nxe5 18. f4 Nc6 19. Kh2 Qc7 20. Nd5 exd5 21. cxd5 Qd7 22. dxc6 Rxc6 23. Qd4 Bf6 24. e5 Rxc1 25. Bxc1 Bxg2 26. Kxg2 Be7 27. Qxb6 d5 28. Be3 Rc8 29. Rd2 h5 30. Qa7 Qf5 31. Qxe7 Qe4+ 32. Kf2 Rc3 33. Re2 d4 34. Qd8+ Kh7 35. Qxd4 Qc6 36. Rd2 g6 37. Qd7 h4 38. Qxc6 hxg3+ 39. Kxg3 Rxc6 40. Rd6 Rc3 41. Kf3 Kg8 42. Rxa6 Rc2 43. a4 Rb2 44. Rb6 Kg7 45. a5 Ra2 46. a6 Kh6 47. b4 f5 48. exf6 Kh5 49. f7 g5 50. fxg5 Rb2 51. Rh6# 1-0

[Event "Titled Tuesday intern op 26th Oct"]
[Site "Chess.com INT"]
[Date "2021.10.26"]
[Round "4"]
[White "Otchiyev, Arslan"]
[Black "Bures, Vit"]
[Result "1-0"]
[WhiteElo "2326"]
[BlackElo "2110"]
[PlyCount "97"]
[EventDate "2021.10.26"]
[EventType "swiss (blitz)"]
[EventRounds "11"]
[EventCountry "USA"]
[SourceTitle "CBM 204 Extra"]
[Source "ChessBase"]
[SourceDate "2021.11.30"]
[SourceVersion "1"]
[SourceVersionDate "2021.11.30"]
[SourceQuality "1"]

1. e4 e5 2. Nf3 Nc6 3. d4 exd4 4. Nxd4 Nf6 5. Nxc6 bxc6 6. e5 Qe7 7. Qe2 Nd5 8. c4 Ba6 9. b3 g6 10. g3 Bg7 11. Bb2 0-0 12. Bg2 Rae8 13. 0-0 Bxe5 14. Qxe5 Qxe5 15. Bxe5 Rxe5 16. cxd5 Bxf1 17. Kxf1 cxd5 18. Nc3 c6 19. Rd1 Rfe8 20. Bf3 Kf8 21. Ne2 Ke7 22. Rd4 Kd6 23. Ra4 Ra8 24. b4 Ree8 25. Nd4 Reb8 26. Nb3 Rb6 27. a3 a6 28. Nc5 Kc7 29. Be2 a5 30. Nb3 d6 31. Bf3 Kb8 32. Rxa5 Rxa5 33. Nxa5 Kc7 34. Ke2 f6 35. Kd3 c5 36. Kc3 d4+ 37. Kc4 cxb4 38. axb4 d3 39. Nb3 Rb8 40. Nd4 Kd7 41. b5 d2 42. Kd3 d5 43. Kxd2 Kd6 44. Kc3 Kc5 45. Be2 Ra8 46. Nb3+ Kb6 47. h4 Ra2 48. Kd3 Kxb5 49. Ke3+ 1-0

[Event "Titled Tuesday intern op 26th Oct"]
[Site "Chess.com INT"]
[Date "2021.10.26"]
[Round "8"]
[White "Otchiyev, Arslan"]
[Black "Pavlidis, Anastasios"]
[Result "0-1"]
[WhiteElo "2326"]
[BlackElo "2343"]
[PlyCount "56"]
[EventDate "2021.10.26"]
[EventType "swiss (blitz)"]
[EventRounds "11"]
[EventCountry "USA"]
[SourceTitle "CBM 204 Extra"]
[Source "ChessBase"]
[SourceDate "2021.11.30"]
[SourceVersion "1"]
[SourceVersionDate "2021.11.30"]
[SourceQuality "1"]

1. e4 c6 2. d4 d5 3. e5 c5 4. dxc5 e6 5. Be3 Nd7 6. f4 Bxc5 7. Bxc5 Nxc5 8. Nf3 Ne7 9. Be2 0-0 10. Nbd2 Nf5 11. Nf1 Qb6 12. Bd3 Bd7 13. Ng3 Ne3 14. Qe2 Qxb2 15. Bxh7+ Kh8 16. Qxe3 Qxa1+ 17. Kf2 Qb2 18. Qxc5 Kxh7 19. Qe7 Qb6+ 20. Ke1 Qe3+ 21. Kd1 Ba4 22. Qh4+ Kg8 23. Ng5 Bxc2+ 24. Kxc2 Rfc8+ 25. Kb1 Qd3+ 26. Ka1 Rc4 27. Qh5 Qc3+ 28. Kb1 Rb4# 0-1

[Event "Titled Tuesday intern op 26th Oct"]
[Site "Chess.com INT"]
[Date "2021.10.26"]
[Round "3"]
[White "Qi, Henry"]
[Black "Otchiyev, Arslan"]
[Result "0-1"]
[WhiteElo "2079"]
[BlackElo "2326"]
[PlyCount "44"]
[EventDate "2021.10.26"]
[EventType "swiss (blitz)"]
[EventRounds "11"]
[EventCountry "USA"]
[SourceTitle "CBM 204 Extra"]
[Source "ChessBase"]
[SourceDate "2021.11.30"]
[SourceVersion "1"]
[SourceVersionDate "2021.11.30"]
[SourceQuality "1"]

1. d4 Nf6 2. c4 e6 3. Nc3 Bb4 4. a3 Bxc3+ 5. bxc3 0-0 6. f3 b6 7. e4 Ne8 8. Bd3 Ba6 9. Ne2 Nc6 10. Ng3 Na5 11. Qe2 Nd6 12. e5 Ndxc4 13. 0-0 d5 14. Rb1 c5 15. f4 g6 16. f5 exf5 17. Nxf5 gxf5 18. Qh5 f6 19. Bxf5 Qe7 20. Rf3 Kh8 21. Rh3 Rf7 22. exf6 Qe1# 0-1

[Event "Titled Tuesday intern op 16th June"]
[Site "Chess.com INT"]
[Date "2020.06.16"]
[Round "6"]
[White "Otchiyev, Arslan"]
[Black "Shahade, Gregory P"]
[Result "0-1"]
[WhiteElo "2326"]
[BlackElo "2476"]
[PlyCount "100"]
[EventDate "2020.06.16"]
[EventType "swiss (blitz)"]
[EventRounds "10"]
[EventCountry "USA"]
[SourceTitle "EXT 2021"]
[Source "ChessBase"]
[SourceDate "2020.10.23"]
[SourceVersion "1"]
[SourceVersionDate "2020.10.23"]
[SourceQuality "1"]

1. e4 e5 2. Nf3 Nc6 3. Bb5 a6 4. Ba4 Nf6 5. 0-0 Be7 6. d3 b5 7. Bb3 d6 8. c3 0-0 9. Bc2 h6 10. Nbd2 Re8 11. Re1 Bf8 12. Nf1 d5 13. Qe2 Be6 14. Ng3 dxe4 15. dxe4 Bc4 16. Qd1 a5 17. Bd2 a4 18. Nf5 Kh7 19. Qc1 Ng8 20. b3 Be6 21. Rd1 Qf6 22. Be1 Bc5 23. b4 Bb6 24. Bd2 Rad8 25. Be3 Bxe3 26. Nxe3 Nge7 27. Nd5 Qg6 28. Qe3 Bxd5 29. Nh4 Qf6 30. exd5+ Kg8 31. dxc6 Qxh4 32. Qxe5 Nd5 33. Qf5 g6 34. Qf3 Qc4 35. Rd3 Nxb4 36. Rxd8 Rxd8 37. Bxg6 fxg6 38. cxb4 Rf8 39. Qg3 Qxc6 40. Re1 Qf6 41. h4 c6 42. Rd1 Rf7 43. Rd6 Qa1+ 44. Kh2 Rg7 45. Rxc6 Kh7 46. h5 gxh5 47. Qd3+ Kh8 48. Rxh6+ Kg8 49. Qd5+ Kf8 50. Rf6+ Ke7 0-1

[Event "Titled Tuesday intern op 16th June"]
[Site "Chess.com INT"]
[Date "2020.06.16"]
[Round "5"]
[White "Toncheva, Nadya"]
[Black "Otchiyev, Arslan"]
[Result "0-1"]
[WhiteElo "2064"]
[BlackElo "2326"]
[PlyCount "68"]
[EventDate "2020.06.16"]
[EventType "swiss (blitz)"]
[EventRounds "10"]
[EventCountry "USA"]
[SourceTitle "EXT 2021"]
[Source "ChessBase"]
[SourceDate "2020.10.23"]
[SourceVersion "1"]
[SourceVersionDate "2020.10.23"]
[SourceQuality "1"]

1. e4 c5 2. c3 d5 3. exd5 Qxd5 4. d4 Nf6 5. Nf3 e6 6. Be3 cxd4 7. cxd4 Bb4+ 8. Nc3 Bd7 9. Bd3 Bb5 10. 0-0 Bxc3 11. bxc3 0-0 12. Rb1 Bxd3 13. Qxd3 Nc6 14. c4 Qd7 15. Rfd1 Rfd8 16. Qc2 Rac8 17. Ne5 Qc7 18. Nxc6 Qxc6 19. Bg5 Qxc4 20. Qxc4 Rxc4 21. Rxb7 Ra4 22. Rd2 h6 23. Bxf6 gxf6 24. g3 Rd5 25. Kg2 e5 26. Rc2 exd4 27. Rc8+ Kg7 28. Rcc7 d3 29. Rxf7+ Kg6 30. Rg7+ Kf5 31. Rbe7 d2 32. h3 d1Q 33. g4+ Kf4 34. Re6 Qf3+ 0-1

[Event "Titled Tuesday intern op 9th June"]
[Site "Chess.com INT"]
[Date "2020.06.09"]
[Round "6"]
[White "Otchiyev, Arslan"]
[Black "Al Tarbosh, Ward"]
[Result "0-1"]
[WhiteElo "2326"]
[BlackElo "2230"]
[PlyCount "65"]
[EventDate "2020.06.09"]
[EventType "swiss (blitz)"]
[EventRounds "10"]
[EventCountry "USA"]
[SourceTitle "CBM 196 Extra"]
[Source "ChessBase"]
[SourceDate "2020.07.31"]
[SourceVersion "1"]
[SourceVersionDate "2020.07.31"]
[SourceQuality "1"]

1. e4 e6 2. d4 d5 3. Nd2 c5 4. Ngf3 cxd4 5. Nxd4 Nc6 6. Nxc6 bxc6 7. Bd3 Bd6 8. Qe2 Ne7 9. c4 0-0 10. e5 Bc7 11. Nf3 Ng6 12. h4 Ba5+ 13. Kf1 f5 14. exf6 Qxf6 15. Bg5 Qf7 16. h5 Nf4 17. Bxf4 Qxf4 18. Qe5 dxc4 19. Qxa5 cxd3 20. Rd1 Rb8 21. Rh4 Qf6 22. b3 Rb5 23. Qxa7 Rd5 24. Rd4 e5 25. Rc4 Bf5 26. Qe3 e4 27. Nd2 Bg4 28. Re1 Rxh5 29. Kg1 Qh4 30. f3 Bxf3 31. Nxf3 Rxf3 32. Qxf3 Qxe1+ 33. Qf1 0-1

[Event "Titled Tuesday intern op 9th June"]
[Site "Chess.com INT"]
[Date "2020.06.09"]
[Round "9"]
[White "Ovetchkin, Roman"]
[Black "Otchiyev, Arslan"]
[Result "0-1"]
[WhiteElo "2518"]
[BlackElo "2326"]
[PlyCount "176"]
[EventDate "2020.06.09"]
[EventType "swiss (blitz)"]
[EventRounds "10"]
[EventCountry "USA"]
[SourceTitle "CBM 196 Extra"]
[Source "ChessBase"]
[SourceDate "2020.07.31"]
[SourceVersion "1"]
[SourceVersionDate "2020.07.31"]
[SourceQuality "1"]

1. d4 Nf6 2. c4 e6 3. Nf3 b6 4. Bf4 Bb7 5. e3 d6 6. h3 Nbd7 7. Nc3 g6 8. Bd3 Qe7 9. Bh2 Bg7 10. Qc2 0-0 11. 0-0 e5 12. d5 Nc5 13. e4 a5 14. b3 Nh5 15. Rfe1 Nf4 16. Bf1 Qf6 17. Nd2 g5 18. g3 Ng6 19. Be2 Bc8 20. Bg4 h5 21. Bxc8 Raxc8 22. Nd1 Ne7 23. Ne3 Qg6 24. g4 Qh7 25. Kg2 Ng6 26. Bg3 Nf4+ 27. Bxf4 exf4 28. Nf5 Bxa1 29. Rxa1 Rce8 30. f3 Nd7 31. Rh1 Ne5 32. Nb1 Ng6 33. Nc3 Qh8 34. Nb5 Rc8 35. Qd2 Nh4+ 36. Nxh4 gxh4 37. Nd4 Rce8 38. Nf5 Qe5 39. Nxh4 f5 40. Nxf5 Rxf5 41. gxf5 Kf7 42. Rg1 a4 43. Kh2 a3 44. Qg2 Qb2 45. Qxb2 axb2 46. Rb1 Rg8 47. Rxb2 Rg3 48. Rf2 Kf6 49. a3 Ke5 50. b4 Kd4 51. f6 Rg6 52. Rg2 Rxf6 53. Rg7 Ke3 54. Kg2 h4 55. Rg5 Kd3 56. e5 dxe5 57. Rxe5 Kxc4 58. Re6 Rf7 59. d6 c5 60. Re7 Rf6 61. d7 Rd6 62. Re4+ Kb3 63. bxc5 bxc5 64. Rxf4 c4 65. Rf8 Rxd7 66. Rb8+ Kxa3 67. Rc8 Kb3 68. Rb8+ Ka2 69. Rc8 Rd2+ 70. Kf1 Kb3 71. Rb8+ Kc2 72. f4 c3 73. f5 Rd5 74. Ke2 Re5+ 75. Kf3 Rxf5+ 76. Kg4 Rc5 77. Kxh4 Kd2 78. Rd8+ Ke3 79. Re8+ Kd4 80. Rd8+ Rd5 81. Rc8 Kd3 82. Kg3 c2 83. h4 Rd4 84. Rxc2 Kxc2 85. h5 Kd3 86. h6 Rd6 87. h7 Rh6 88. Kf4 Rxh7 0-1

[Event "Titled Tuesday intern op 6th June"]
[Site "Chess.com INT"]
[Date "2020.06.02"]
[Round "3"]
[White "Awatramani, Janak"]
[Black "Otchiyev, Arslan"]
[Result "1-0"]
[WhiteElo "2213"]
[BlackElo "2326"]
[PlyCount "73"]
[EventDate "2020.06.02"]
[EventType "swiss (blitz)"]
[EventRounds "10"]
[EventCountry "USA"]
[SourceTitle "CBM 196 Extra"]
[Source "ChessBase"]
[SourceDate "2020.07.31"]
[SourceVersion "1"]
[SourceVersionDate "2020.07.31"]
[SourceQuality "1"]

1. g3 Nf6 2. Bg2 e6 3. d3 Be7 4. Nc3 0-0 5. Bd2 c5 6. e4 Nc6 7. f4 d5 8. Nf3 Rb8 9. e5 Nd7 10. h4 f5 11. Ng5 Nb6 12. Qh5 h6 13. Qg6 hxg5 14. hxg5 Bxg5 15. Qh7+ Kf7 16. Qh5+ g6 17. Qh7+ Ke8 18. Qxg6+ Kd7 19. fxg5 a6 20. Nxd5 Nxd5 21. Bxd5 Kc7 22. Rh7+ Kb6 23. Bxc6 Kxc6 24. Qh5 Qd5 25. Qh1 Qxh1+ 26. Rxh1 Kd5 27. Bf4 Bd7 28. Kd2 Rh8 29. Rh6 Rxh6 30. gxh6 Rh8 31. Rh1 Bc6 32. c4+ Kd4 33. Rh4 b5 34. b3 bxc4 35. bxc4 Rb8 36. Be3+ Kxe5 37. Bf4+ 1-0

[Event "Titled Tuesday intern op 26th May"]
[Site "Chess.com INT"]
[Date "2020.05.26"]
[Round "5"]
[White "Romero Arzuaga, Yudel"]
[Black "Otchiyev, Arslan"]
[Result "1-0"]
[WhiteElo "2203"]
[BlackElo "2326"]
[PlyCount "71"]
[EventDate "2020.05.26"]
[EventType "swiss (blitz)"]
[EventRounds "10"]
[EventCountry "USA"]
[SourceTitle "CBM 196 Extra"]
[Source "ChessBase"]
[SourceDate "2020.07.31"]
[SourceVersion "1"]
[SourceVersionDate "2020.07.31"]
[SourceQuality "1"]

1. d4 Nf6 2. Nf3 b6 3. Bf4 Bb7 4. e3 d6 5. Bd3 g6 6. h3 Bg7 7. c3 Nbd7 8. Qe2 e6 9. Nbd2 Qe7 10. Bh2 e5 11. dxe5 dxe5 12. Ba6 Bxa6 13. Qxa6 0-0 14. 0-0 c5 15. Rfd1 e4 16. Ne1 Ne5 17. Nc4 Nxc4 18. Qxc4 Rad8 19. Bg3 Rfe8 20. Bh4 Qe5 21. Bxf6 Bxf6 22. Nc2 Kg7 23. Na3 Be7 24. Qe2 Bd6 25. g3 Bb8 26. Nc4 Qe6 27. Kg2 h5 28. h4 f6 29. a4 g5 30. hxg5 fxg5 31. Qxh5 Rxd1 32. Rxd1 Qe7 33. Rh1 Rg8 34. Qh7+ Kf8 35. Qf5+ Qf7 36. Qxe4 1-0

[Event "Continental op 48th"]
[Site "Sturbridge"]
[Date "2018.08.17"]
[Round "3"]
[White "Graif, William"]
[Black "Otchiyev, Arslan"]
[Result "1/2-1/2"]
[WhiteElo "2123"]
[BlackElo "2333"]
[PlyCount "105"]
[EventDate "2018.08.16"]
[EventType "swiss"]
[EventRounds "9"]
[EventCountry "USA"]
[SourceTitle "CBM 186 Extra"]
[Source "ChessBase"]
[SourceDate "2018.08.24"]
[SourceVersion "1"]
[SourceVersionDate "2018.08.24"]
[SourceQuality "1"]

1. e4 e5 2. Nf3 Nc6 3. Bc4 Nf6 4. d3 Bc5 5. c3 a6 6. a4 a5 7. 0-0 0-0 8. d4 Bd6 9. Re1 h6 10. Qb3 Nh5 11. g3 Qf6 12. Qd1 Re8 13. Nh4 g6 14. d5 Ne7 15. Bxh6 Bc5 16. Qf3 d6 17. Na3 Bd7 18. Nb5 Qh8 19. Be3 Bxe3 20. Qxe3 Rac8 21. Na7 Rcd8 22. Nb5 Rc8 23. b4 Kg7 24. bxa5 Nf4 25. gxf4 Qxh4 26. fxe5 dxe5 27. Qg3 Qf6 28. Re3 Bxb5 29. axb5 Rh8 30. a6 Ra8 31. Rd1 Qd6 32. Rf1 f6 33. f4 Rh5 34. Be2 exf4 35. Qxf4 Re5 36. Ref3 bxa6 37. bxa6 f5 38. Bd3 Rf8 39. Rh3 Ng8 40. Qh4 Rf7 41. Qh8+ Kf8 42. Qxe5 Qxe5 43. a7 Qe8 44. Rb1 c6 45. Rb8 Rxa7 46. Rxe8+ Kxe8 47. d6 Ra1+ 48. Kf2 fxe4 49. Bxe4 Kd7 50. Rd3 Nf6 51. Bxg6 Ra5 52. c4 Rg5 53. Rg3 1/2-1/2

[Event "Continental op 48th"]
[Site "Sturbridge"]
[Date "2018.08.17"]
[Round "4"]
[White "Otchiyev, Arslan"]
[Black "Poliannikov, Danila"]
[Result "1/2-1/2"]
[WhiteElo "2333"]
[BlackElo "1994"]
[PlyCount "55"]
[EventDate "2018.08.16"]
[EventType "swiss"]
[EventRounds "9"]
[EventCountry "USA"]
[SourceTitle "CBM 186 Extra"]
[Source "ChessBase"]
[SourceDate "2018.08.24"]
[SourceVersion "1"]
[SourceVersionDate "2018.08.24"]
[SourceQuality "1"]

1. e4 e5 2. Nf3 Nc6 3. Bb5 a6 4. Ba4 Nf6 5. 0-0 Nxe4 6. d4 b5 7. Bb3 d5 8. dxe5 Be6 9. c3 Bc5 10. Nbd2 0-0 11. Qe2 Bf5 12. a4 Rb8 13. axb5 axb5 14. Ra6 Bb6 15. Nxe4 dxe4 16. Ng5 Nxe5 17. Nxe4 Qd3 18. Qxd3 Nxd3 19. Ng3 Bg6 20. Be3 Bxe3 21. fxe3 Nc5 22. Ra3 b4 23. cxb4 Rxb4 24. Bd5 Rxb2 25. Rc3 Ne6 26. Bxe6 fxe6 27. Rxf8+ Kxf8 28. Rxc7 1/2-1/2

[Event "Philadelphia op 12th"]
[Site "Philadelphia"]
[Date "2018.03.31"]
[Round "7"]
[White "Mujumdar, Sameer Suhas"]
[Black "Otchiyev, Arslan"]
[Result "0-1"]
[WhiteElo "2092"]
[BlackElo "2369"]
[PlyCount "138"]
[EventDate "2018.03.28"]
[EventType "swiss"]
[EventRounds "9"]
[EventCountry "USA"]
[SourceTitle "CBM 183 Extra"]
[Source "ChessBase"]
[SourceDate "2018.04.19"]
[SourceVersion "1"]
[SourceVersionDate "2018.04.19"]
[SourceQuality "1"]

1. c4 Nf6 2. Nc3 g6 3. g3 Bg7 4. Bg2 0-0 5. e3 d6 6. Nge2 c6 7. d4 Nbd7 8. 0-0 Qc7 9. b3 a6 10. Bb2 Rb8 11. d5 Re8 12. Qd2 Nf8 13. Rac1 c5 14. e4 b5 15. cxb5 axb5 16. b4 N6d7 17. Nd1 Bxb2 18. Nxb2 Qa7 19. Nd3 c4 20. Ne1 Ne5 21. Nd4 Bd7 22. Rc2 Ra8 23. Ndf3 Qb6 24. Qc3 f6 25. Nxe5 dxe5 26. Rd2 Qa7 27. Nf3 Qa3 28. Rc1 Qxc3 29. Rxc3 Ra4 30. Rb2 e6 31. Ne1 Rea8 32. Rcc2 exd5 33. exd5 Bf5 34. d6 R8a6 35. Rc1 Rxd6 36. Bf3 Ne6 37. g4 Bd3 38. Nxd3 Rxd3 39. Bc6 Nd4 40. Rxc4 bxc4 41. Bxa4 c3 42. Rb1 c2 43. Bxc2 Nxc2 44. b5 Na3 45. Rb4 Rd7 46. b6 Rb7 47. Ra4 Nb5 48. Ra8+ Kf7 49. a4 Nd6 50. Ra7 Ke6 51. a5 Rb8 52. Rxh7 g5 53. Kg2 Kd5 54. Rc7 Nc4 55. Rd7+ Kc5 56. Rf7 Nxa5 57. Rxf6 Rg8 58. Kg3 Nc4 59. b7 Nd6 60. Rg6 Rb8 61. Rg7 Rxb7 62. Rxb7 Nxb7 63. h4 gxh4+ 64. Kxh4 Kd5 65. Kg5 Ke6 66. Kh4 Nc5 67. f3 Kf6 68. Kh5 Ne6 69. Kh6 Ng5 0-1

[Event "PRO League Stage"]
[Site "Chess.com INT"]
[Date "2018.02.14"]
[Round "6"]
[White "Jones, Gawain C B"]
[Black "Otchiyev, Arslan"]
[Result "1-0"]
[WhiteElo "2640"]
[BlackElo "2369"]
[PlyCount "85"]
[EventDate "2018.01.18"]
[EventType "team-swiss (rapid)"]
[EventRounds "9"]
[EventCountry "USA"]
[SourceTitle "CBM 182 Extra"]
[Source "ChessBase"]
[SourceDate "2018.02.23"]
[SourceVersion "1"]
[SourceVersionDate "2018.02.23"]
[SourceQuality "1"]
[WhiteTeam "London Towers"]
[BlackTeam "London Lions"]
[WhiteTeamCountry "ENG"]
[BlackTeamCountry "ENG"]

1. e4 e5 2. Nf3 Nc6 3. d4 exd4 4. Nxd4 Nf6 5. Nxc6 bxc6 6. e5 Qe7 7. Qe2 Nd5 8. c4 Nb6 9. Nc3 g6 10. Ne4 Bg7 11. Nf6+ Bxf6 12. exf6 Qe6 13. Bh6 Ba6 14. b3 0-0-0 15. Qxe6 dxe6 16. Be2 Nd7 17. 0-0-0 Rhe8 18. Bg7 Bb7 19. g4 c5 20. Rhf1 Ne5 21. f4 Rxd1+ 22. Bxd1 Nc6 23. Rf3 e5 24. fxe5 Rxe5 25. Rh3 Nd4 26. Rxh7 Re1 27. Kd2 Rg1 28. Rh8+ Kd7 29. Rf8 Rg2+ 30. Ke3 Ke6 31. Re8+ Kd6 32. Bf8+ Kd7 33. Re7+ Kd8 34. Rxf7 Rg1 35. Kd2 Rg2+ 36. Kc3 Rg1 37. Bxc5 Rxd1 38. Bxd4 a5 39. Rf8+ Kd7 40. Rb8 Be4 41. f7 Rd3+ 42. Kb2 Rd2+ 43. Kc1 1-0